Normal view
MARC view
- Miller P. & Bryce C
Entry Personal Name
001 - CONTROL NUMBER
- control field: 201003
003 - CONTROL NUMBER IDENTIFIER
- control field: OSt
005 - DATE AND TIME OF LATEST TRANSACTION
- control field: 20230714220330.0
008 - FIXED-LENGTH DATA ELEMENTS
- fixed length control field: 230714|| aca||aabn | a|a d
040 ## - CATALOGING SOURCE
- Original cataloging agency: OSt
- Transcribing agency: OSt
100 ## - HEADING--PERSONAL NAME
- Personal name: Miller P. & Bryce C
670 ## - SOURCE DATA FOUND
- Source citation: Work cat.: (OSt)223786: Miller P. 194560, Python Digital Forensics Cookbook, 2017